|
|
|
|
| LEADER |
00000nam a2200000 4500 |
| 005 |
20240718160935.0 |
| 008 |
230327b2015 ||||| |||| 00| | spa d |
| 090 |
|
|
|a 06.02.01
|
| 110 |
|
|
|9 2816
|a Colegio de Licenciados y Profesores en Letras, Filosofía, Ciencias y Artes
|
| 245 |
|
|
|a Informe de proyecto de ley sobre la educación dual en Costa Rica /
|c Colegio de Licenciados y Profesores en Letras, Filosofía, Ciencias y Artes
|
| 300 |
|
|
|a 15 páginas;
|b 1 recurso en línea; PDF
|
| 650 |
1 |
4 |
|9 3503
|a ENSEÑANZA TÉCNICA
|
| 650 |
1 |
0 |
|9 498
|a FORMACIÓN PROFESIONAL
|
| 856 |
|
|
|u https://uir.inie.ucr.ac.cr/cgi-bin/koha/opac-retrieve-file.pl?id=972dc9125c3d0afb6028956d48ac4abb
|
| 942 |
|
|
|i PDF0019
|h 06.02.01
|2 z
|c 08
|h 06.02.01
|6 060201_PDF0019
|
| 999 |
|
|
|c 4007
|d 4007
|